MDQL
is popping MORE tags! Check the
thread
!
Quizzes
Events
Quiz Creation
Community
Videos
Private Events
Remove Ads
Sign In
Join for FREE
Feedback
Dark Mode
Quiz Categories
Sports
Geography
Music
Movies
Television
Just For Fun
Miscellaneous
History
Literature
Language
Science
Gaming
Entertainment
Religion
Holiday
For Kids
Quiz Lab
Recent
Popular Today
Quiz Kudos Today
Editor Picks
Curator Picks
Quizzes by...
Day
Popularity
Type
Ratings
Length
Year
Community
Subscriptions
Recent Discussions
Orange Saloon
Badges
Playlists
Quests
Create
Leaderboards
Showdown
Live 5
Trivia Bingo
Activity
Puzzle Library
Sporcle Events
Private Events
Virtual Trivia
Globe League
Become a Host
Pub Owners
SporcleCon
Opinionation
Our Games
Videos
Blog
Mobile Apps
Partnerships
Remove Ads and Go Orange
Feedback
Geography
Country
Landmarks
City
State
Population
World
Capital
Continent
Flags
Europe
Africa
Asia
South America
North America
Oceania
Border
Canada
United Kingdom
Topography
United States
Geography
Country
Landmarks
City
State
Population
World
Capital
Continent
Flags
Europe
Africa
Asia
South America
North America
Oceania
Border
Canada
United Kingdom
Topography
United States
Random Quiz
Search Sporcle
×
Quiz Lab
Quiz Lab
Geography
Population
Type in answers that appear in a list
Type in answers that appear in a list
Classic
Best Score? Go Orange.
100,000+ Cities Stats
Can you name the states by number of cities with 100,000+ popuation?
By
dlte
6m
45 Questions
520 Plays
520 Plays
520 Plays
Comments
Comments
Give Quiz Kudos
Give Quiz Kudos
-
- Ratings
hide this ad
More Info
Forced Order
Answers have to be entered in order
Answers have to be entered in order
Replay
Link that replays current quiz
Next Quiz
Link to next quiz in quiz playlist
You Got
0%
They Got
Avg Score
78%
Avg Friend Score
Upgrade to see
Score Distribution
Jump to the score distribution portion of the page
Score
0/45
Timer
06:00
0
Plays Today
100,000+ Cities
State
% Correct
19
Florida
96.5%
63
California
96%
31
Texas
94.4%
4
Nevada
88.7%
1
Hawaii
88.7%
6
Ohio
88.3%
5
New York
88.1%
1
Idaho
88.1%
1
New Mexico
87.9%
1
Maryland
87.7%
1
Alaska
87.7%
1
Arkansas
87.3%
1
Rhode Island
86.9%
7
Michigan
86%
1
Mississippi
86%
2
Nebraska
85.4%
3
Wisconsin
84.6%
2
South Carolina
84.6%
1
South Dakota
84.4%
0 (6 states)
Delaware, Maine, North Dakota, Vermont, West Virginia, and Wyoming
84.2%
1
Montana
83.7%
5
Georgia
83.5%
2
Kentucky
82.7%
100,000+ Cities
State
% Correct
4
Pennsylvania
81.5%
4
Indiana
80.4%
9
Colorado
79%
4
Alabama
77.3%
9
North Carolina
76.2%
1
New Hampshire
76%
4
Louisiana
72.5%
3
Iowa
71%
3
Oklahoma
70%
9
Arizona
69.8%
6
Tennessee
68.8%
5
Massachusetts
68.7%
5
Washington
66.5%
5
Connecticut
66.2%
9
Virginia
65.4%
4
New Jersey
64.8%
3
Minnesota
63.5%
8
Illinois
62.7%
5
Missouri
60.8%
5
Kansas
60.2%
4
Utah
58.7%
4
Oregon
56.9%
Quiz Playlist
Details
Report
Send in Message
Add To Playlist
More Info:
*2008 Estimates
Classic:
Type in answers that appear in a list
Forced Order:
Answers have to be entered in order
Quiz Source
Last Updated: Feb 16, 2017
Quiz Scoreboard
CHALLENGE
Sign Up to Join the Scoreboard
Show All
Scores
Hide
Comments
May contain spoilers
Recently Published
Colored Red Africa Blitz
by spor1
Geography
30s
Find the 'City' Movie
by crazypaving
Movies
60s
5x2 Blitz: Bands
by SL_Kpop136
Music
30s
More to Explore
Quiz From the Vault
Featured Blog Post
14 Easter Pick-up Lines to Find Eggs With
hide this ad
You Might Also Like...
Tags
City Quiz
Numbers Quiz
Population Quiz
State Quiz
100
100 000
smallest
Today's Top Quizzes in Geography
Browse Geography
hide this ad
Today's Top Quizzes in Population
Browse Population
Top Contributed Quizzes in Geography
1
Countries of the World - No Outlines Minefield
2
Colored Red Europe Blitz I
3
Colored Red Africa Blitz II
4
Colored Red Europe Blitz II
5
Colored Red Africa Blitz III
6
Colored Red Europe Blitz III
7
Colored Red States Blitz I
8
African Flag Reveal XLVI
9
Colored Red States Blitz II
10
Colored Red States Blitz III
Explore More
Trending Topics
Marvel
Anime
Crossword
Kpop
NBA
Disney
Harry Potter
Puzzle
The Office
Pokémon
Country
Soccer
WWE
Song
NFL
hide this ad
More By:
dlte
Quiz
Plays
Rating
Category
Featured
Created
A Decade of Sports (2000s)
312,534
4.34
Sports
Dec 30, 2012
A Decade of Sports (1990s)
195,664
4.47
Sports
Dec 29, 2012
A Decade of Sports (2010s)
191,022
4.44
Sports
Jul 13, 2014
A Decade of Sports (1980s)
150,592
4.28
Sports
Apr 12, 2010
A Decade of Sports (1970s)
103,005
4.47
Sports
Apr 14, 2010
Go to Creator's Profile
Score Distribution
Quiz Creator Spotlight
dlte
Follow
Send a Message
Quizzes Created
-
Created Quiz Play Count
-
More By This Creator
Popular Quizzes Today
1
Colored Red Africa Blitz
2
Find the 'City' Movie
3
5x2 Blitz: Bands
4
Find the US States - No Outlines Minefield
5
The Countries of the World
6
Find the US States
7
US States
8
Find the Countries of Europe - No Outlines Minefield
More Geography Quizzes
Flip Flop: Countries
Curator's Pick
Trending Quizzes
Colored Red Europe Blitz I
Colored Red Africa Blitz II
Colored Red Europe Blitz II
Colored Red Africa Blitz III
Colored Red Europe Blitz III
Recently Updated
How Do You Spell That?
pecheneg
Godzilla Movies
pecheneg
Grab Bag: 4-10 Letters
pecheneg
2024 March Madness Bracket
pecheneg
Famous TV Couples
Peacemaker
Champions League XIs: Real Madrid
pecheneg
Largest US Cities 1790-2010
pecheneg
Rides in Walt Disney World
pecheneg
Most Oscar Losses (Acting)
pecheneg
Beyoncé Albums
pecheneg
Trending Topics
Anime
Marvel
Kpop
Harry Potter
Disney
Crossword
NBA
Soccer
The Office
Puzzle
NFL
WWE
Pokémon
Country
Song
Your Account Isn't Verified!
In order to create a playlist on Sporcle, you need to verify the email address you used during registration. Go to your
Sporcle Settings
to finish the process.
Report this User
Report this user for behavior that violates our
Community Guidelines
.
Details:
Send Report
Go to the Sporcle.com Mobile Site →
Comments